Musical instruments through the ages (Record no. 10024)

MARC details
000 -CABECERA
campo de control de longitud fija 00714nam a2200229 a 4500
001 - NÚMERO DE CONTROL
campo de control BRL_1212
005 - FECHA Y HORA DE LA ÚLTIMA TRANSACCIÓN
campo de control 20190320211103.0
008 - DATOS DE LONGITUD FIJA--INFORMACIÓN GENERAL
campo de control de longitud fija 291113s1964----enka######---#000-0#eng-#
041 ## - CÓDIGO DE LENGUA
Código de lengua del texto/banda sonora o título independiente eng
044 ## - CÓDIGO DEL PAÍS DE LA ENTIDAD EDITORA/PRODUCTORA
Código MARC del país enk
050 #4 - SIGNATURA TOPOGRÁFICA DE LA BIBLIOTECA DEL CONGRESO
Número de clasificación ML460
Número de documento/Ítem .B83 1964
100 1# - ENTRADA PRINCIPAL--NOMBRE DE PERSONA
Nombre de persona Buchner, Alexander
9 (RLIN) 26136
245 10 - MENCIÓN DE TÍTULO
Título Musical instruments through the ages
Mención de responsabilidad, etc. Alexander Buchner ; Translated by Iris Urwin.
260 ## - PUBLICACIÓN, DISTRIBUCIÓN, ETC.
Lugar de publicación, distribución, etc. London
Nombre del editor, distribuidor, etc. Spring Books
Fecha de publicación, distribución, etc. 1964
300 ## - DESCRIPCIÓN FÍSICA
Extensión xv, 37 p.
Otras características físicas il., 323 láminas (algunas a color)
Dimensiones 33 cm.
500 ## - NOTA GENERAL
Nota general Au1383
650 14 - PUNTO DE ACCESO ADICIONAL DE MATERIA--TÉRMINO DE MATERIA
Término de materia o nombre geográfico como elemento de entrada Instrumentos musicales
Subdivisión de forma Obras pictóricas
9 (RLIN) 26137
650 14 - PUNTO DE ACCESO ADICIONAL DE MATERIA--TÉRMINO DE MATERIA
Término de materia o nombre geográfico como elemento de entrada Instrumentos musicales
Subdivisión general Historia
9 (RLIN) 26138
700 1# - PUNTO DE ACCESO ADICIONAL--NOMBRE DE PERSONA
Nombre de persona Urwin, Iris
Término indicativo de función/relación tr.
9 (RLIN) 26139
902 ## - CATALOGADOR
Iniciales GRL
942 ## - ELEMENTOS DE PUNTO DE ACCESO ADICIONAL (KOHA)
Fuente del sistema de clasificación o colocación Library of Congress Classification
Tipo de ítem Koha Libros
Holdings
Estado de retiro Estado de pérdida Estado dañado No para préstamo Localización permanente Ubicación/localización actual Fecha de adquisición Número de inventario Total de préstamos Signatura topográfica completa Código de barras Fecha visto por última vez Precio válido a partir de Tipo de ítem Koha
El ejemplar forma parte de la colección y puede ser consultado según las políticas vigentes.       Biblioteca Centro de Estudios Ruth D. Lechuga Biblioteca Centro de Estudios Ruth D. Lechuga 29/11/2013 Au1383   ML460 .B83 1964 (Au1383) GRL01329 22/03/2019 22/03/2019 Libros